| 000 | 00568nam a2200181Ia 4500 | ||
|---|---|---|---|
| 008 | 151018s9999 xx 000 0 und d | ||
| 082 |
_bRBASDV45883 _a520 |
||
| 100 | _aअनंत कुमार | ||
| 245 | _aहम और हमारा मंडल | ||
| 250 | _b1 | ||
| 260 |
_bशब्दभारती _c2005 |
||
| 300 | _a80 | ||
| 600 | _aअनंत कुमार | ||
| 630 | _aहम और हमारा मंडल | ||
| 700 | _aअनंत कुमार | ||
| 730 | _aहम और हमारा मंडल | ||
| 942 | _cBOOK | ||
| 999 |
_c1045059 _d1045056 |
||